| 000 | 00979nam a22002537a 4500 | ||
|---|---|---|---|
| 999 |
_c63721 _d63721 |
||
| 005 | 20240530110655.0 | ||
| 008 | 171219s2015 ua ak f b 000 0 ara d | ||
| 017 |
_a2014/23563 _bمصر. دار الكتب |
||
| 020 | _a9789770529461 | ||
| 040 |
_aEG-CaGPL _cEG-CaGPL |
||
| 082 | 0 | 4 |
_221 _a613.286 / _bم ف |
| 100 | 0 | _aمحمد نجاتى الغزالى | |
| 245 | 1 | 2 |
_aالفيتامينات والهرمونات / _cمحمد نجاتى الغزالى |
| 260 |
_aالقاهرة : _bمكتبة الانجلو المصرية ، _c2015. |
||
| 300 |
_a394 ص. : _bايض ؛ _c19 سم. |
||
| 504 | _aيشتمل على ارجاعات ببليوجرافية | ||
| 650 | 0 | 7 |
_2qrmak _aالفيتامينات |
| 650 | 0 | 7 |
_2qrmak _aالفيتامينات فى الجسم |
| 650 | 0 | 7 |
_2qrmak _aالفيتامينات فى الغذاء |
| 651 | _2qrmak | ||
| 653 | 0 | _aالفيتامينات - الهرمونات | |
| 942 |
_2ddc _cBK |
||